000 00619nam a22002177a 4500
003 OSt
005 20140310181923.0
008 130719t xxu||||| |||| 00| 0 eng d
050 _aQA 43
_b.B327 2010
082 _aTR 510
_bB29 2010
100 _aBaston, Chris
245 _aEdexcel GCSE Mathematics a linear foundation :
_bstudent book /
_cChris Baston.
260 _aEngland :
_bPearson,
_cc2010.
300 _a678 p. ;
_bill. col. ;
_c27 cm.
521 _aFaculty
541 _j1
562 _e1
650 _a Mathematics
_xStudy and teaching
_92009
700 _aBaston, Chris
942 _2lcc
_cBK-TR
_kTR
999 _c7089
_d7089